Pancakes, pancakes! / (Record no. 113715)
[ view plain ]
| 000 -LEADER | |
|---|---|
| fixed length control field | 00713nam a2200217 a 4500 |
| 001 - CONTROL NUMBER | |
| control field | 4007 |
| 005 - DATE AND TIME OF LATEST TRANSACTION | |
| control field | 20140414132035.0 |
| 008 - FIXED-LENGTH DATA ELEMENTS--GENERAL INFORMATION | |
| fixed length control field | 040603s19uu xx 00 eng d |
| 020 ## - INTERNATIONAL STANDARD BOOK NUMBER | |
| International Standard Book Number | 0-689-82246-4 |
| 050 ## - LIBRARY OF CONGRESS CALL NUMBER | |
| Classification number | TR |
| Item number | P19 1990 |
| 100 ## - MAIN ENTRY--PERSONAL NAME | |
| Personal name | Carle, Eric |
| 245 ## - TITLE STATEMENT | |
| Title | Pancakes, pancakes! / |
| Statement of responsibility, etc | Eric Carle. |
| 260 ## - PUBLICATION, DISTRIBUTION, ETC. (IMPRINT) | |
| Place of publication, distribution, etc | New York : |
| Name of publisher, distributor, etc | Aladdin Paperbacks, |
| Date of publication, distribution, etc | 1990. |
| 300 ## - PHYSICAL DESCRIPTION | |
| Extent | 1 v. (unp.) : ill. ; cm. |
| 500 ## - GENERAL NOTE | |
| General note | (TR) Reprint. Originally published: New York: Knopf, 1970 |
| 520 ## - SUMMARY, ETC. | |
| Summary, etc | By cutting and grinding the wheat for flour, Jack starts from scratch to help make his breakfast pancake. |
| 650 ## - SUBJECT ADDED ENTRY--TOPICAL TERM | |
| Topical term or geographic name as entry element | Pancakes, waffles, etc |
| General subdivision | Fiction. |
| 650 ## - SUBJECT ADDED ENTRY--TOPICAL TERM | |
| Topical term or geographic name as entry element | Cookery |
| General subdivision | Fiction. |
| Withdrawn status | Lost status | Damaged status | Use restrictions | Home library | Current library | Shelving location | Date acquired | Source of acquisition | Total Checkouts | Full call number | Barcode | Date last seen | Price effective from | Koha item type | Cost, normal purchase price |
|---|---|---|---|---|---|---|---|---|---|---|---|---|---|---|---|
| Munich Library | Munich Library | Teachers Reference Section | 06/03/2004 | TR P19 1990 | M5338 | 04/14/2014 | 04/14/2014 | Books | |||||||
| Munich Library | Munich Library | Teachers Reference Section | 12/29/2004 | TR P19 1990 | M5321 | 04/14/2014 | 04/14/2014 | Books | 255.00 |